|
|
|
|
| LEADER |
00000cam a2200000 7i4500 |
| 001 |
0000000517 |
| 005 |
20000825.0 |
| 020 |
0 |
0 |
|a 0830635645
|
| 090 |
0 |
0 |
|a 657.02855369
|b SAX 1990
|
| 100 |
1 |
0 |
|a SAX
|h Nancy
|
| 245 |
1 |
0 |
|a Peachtree complete III
|c Nancy Sax, H. Steve Dashefsky
|
| 260 |
0 |
0 |
|a Blue Ridge Summit, PA :
|b Windcrest ,
|c 1990
|
| 300 |
|
|
|a xx, 284 p. :
|b ill. ;
|c 24 cm.
|
| 500 |
0 |
0 |
|a Includes index
|
| 650 |
0 |
0 |
|a Accounting
|x Computer programs
|
| 650 |
0 |
0 |
|a Peachtree complete accounting
|
| 700 |
0 |
1 |
|a Dashefsky
|h H. Steve
|
| 999 |
|
|
|a 0000000344
|b Monograph
|c Open Shelf
|e Default branch
|